000 00873nam a22002297a 4500
999 _c6975
_d6975
003 AR-CdUCM
008 190319b ||||| |||| 00| 0 spa d
040 _aMUNICIPALIDAD PROVINCIAL DEL CUSCO
_cBIBLIOTECA MUNICIPAL DEL CUSCO
041 _heng
082 _a625.7 /
_bH46
100 _aHewes, Laurence I.
_919667
245 _aIngeniería de carreteras /
260 _aMéxico, D. F :
_bContinental,
_c1960.
300 _a809 páginas ;
_bIlustraciones,
_c23.5 cm.
500 _aTitulo original: Highway engineering
505 _aSistemas, organizaciones y asociaciones e caminos -- Planeación de caminos -- Economía de caminos -- Financiación de caminos -- Trabajos topográficos y planos -- Derecho de vías ...
650 _aIngeniería
_910043
650 _aCarreteras
_919668
700 _aOglesby, Clarckson H.
_919669
942 _2ddc
_cLIBROS
945 _aacv